UFC - Ranking bez podziału na kategorie wagowe - Statystyki

Ogólne statystyki
  • Ten quiz został rozwiązany 1 638 razy
  • Średni wynik to 9 z 15
Statystyki odpowiedzi
MIEJSCE ZAWODNIK WAGA REKORD PAŃSTWO % Poprawnych
1 Kamaru USMAN 77 kg 17-1-0 Nigeria
86%
9 Jon JONES 93 kg 26-0-1 1 (NC) Stany Zjednoczone
79%
2 Alexander VOLKANOVSKI 66 kg 24-1-0 Australia
77%
3 Israel ADESANYA 84 kg 22-1-0 Nowa Zelandia
76%
4 Charles OLIVEIRA 70 kg 33-8-0 1 (NC) Brazylia
74%
5 Francis NGANNOU 119 kg 17-3-0 Kamerun
70%
15 Brandon MORENO 56 kg 19-2-6 Meksyk
55%
6 Max HOLLOWAY 66 kg 23-6-0 Stany Zjednoczone
52%
13 Petr YAN 61 kg 16-0-3 Rosja
47%
7 Dustin POIRIER 70 kg 28-7-0 1 (NC) Stany Zjednoczone
45%
12 Stipe MIOCIC 109 kg 20-0-4 Stany Zjednoczone
45%
14 Robert WHITTAKER 84 kg 23-0-6 Australia
41%
8 Glover TEIXEIRA 93 kg 33-7-0 Brazylia
40%
9 Aljamain STERLING 61 kg 21-0-3 Stany Zjednoczone
36%
11 Deiveson FIGUEIREDO 56 kg 21-1-2 Brazylia
31%
Nie znaleziono quizów pasujących do podanych kryteriów
Rozkład punktacji
Procent ludzi z każdym wynikiem
Percentyl według liczby udzielonych odpowiedzi
Twoja historia wyników
Nie rozwiązałeś tego quizu